00792nam a2200181 i 450000100060000000300090000600500170001500700030003200800410003524501930007626000910026930000220036070000290038270000400041185200220045199900170047395201200049024871ES-MaACL20250829062537.0t|021219s1944 ag ||||1| spa d00aAntología de poetas franceses contemporáneos / cselección y traducción en verso, con opiniones, notas y noticias bibliográficas por Edmundo Bianchi ; prólogo de Andre Maurois. aBuenos Aires : bHachette, c[1944] (fTalleres Gráficos Rodríguez Siles y Cía.) a549 p. ; c24 cm.1 aBianchi, Edmundo.9287411 aMaurois, André,d1885-1967979267 aES-MaACLjB-10182 c24871d24871 00104070aATENEOMbATENEOMcSPBd2008-01-17eSCl0oB-10182p1025644r2023-02-23 00:00:00w2023-02-23yMONOGRAFIA